Analog VLSI and neural systems (Record no. 3567)

000 -LEADER
fixed length control field 00595nam a2200229 a 4500
001 - CONTROL NUMBER
control field 3567
003 - CONTROL NUMBER IDENTIFIER
control field BD-DhUET
008 - FIXED-LENGTH DATA ELEMENTS--GENERAL INFORMATION
fixed length control field 0
020 ## - INTERNATIONAL STANDARD BOOK NUMBER
International Standard Book Number 0201059924
040 ## - CATALOGING SOURCE
Original cataloging agency DLC
Transcribing agency 0
Modifying agency BD-DhUET
050 00 - LIBRARY OF CONGRESS CALL NUMBER
Item number .
082 00 - DEWEY DECIMAL CLASSIFICATION NUMBER
Classification number 623.95
Item number MEA/1989
100 ## - MAIN ENTRY--PERSONAL NAME
Personal name Mead, Carver
245 10 - TITLE STATEMENT
Title Analog VLSI and neural systems
Statement of responsibility, etc. by Carver Mead
250 ## - EDITION STATEMENT
Edition statement 1st ed
260 ## - PUBLICATION, DISTRIBUTION, ETC. (IMPRINT)
Place of publication, distribution, etc. New York
Name of publisher, distributor, etc. Addison-Wesley
Date of publication, distribution, etc. 1989
300 ## - PHYSICAL DESCRIPTION
Extent xxii, 371 p., 8 p. of plates
Other physical details ill. (some col.)
Dimensions 24 cm.
490 1# - SERIES STATEMENT
Series statement Addison-Wesley VLSI systems series
504 ## - BIBLIOGRAPHY, ETC. NOTE
Bibliography, etc Includes bibliographies
650 #0 - SUBJECT ADDED ENTRY--TOPICAL TERM
Topical term or geographic name as entry element Neural computers
942 ## - ADDED ENTRY ELEMENTS (KOHA)
Koha item type General Book
Holdings
Koha issues (times borrowed) Koha full call number Damaged status Copy number Shelving location Withdrawn status Price effective from Koha normalized classification for sorting Source of classification or shelving scheme Location (home branch) Piece designation (barcode) Lost status Not for loan Koha date last borrowed Sublocation or collection (holding branch) Koha date last seen Koha item type Date acquired
1623.95/MEA/1989 1Circulation section 2014-11-02623_000000000000000_95MEA1989 Central Library, BUET90935  2021-09-27Central Library, BUET2021-09-27General Book2014-11-02
1623.95/MEA/1989 2Circulation section 2014-11-02623_000000000000000_95MEA1989 Central Library, BUET90944  2021-09-27Central Library, BUET2021-09-27General Book2014-11-02
1623.95/MEA/1989 3Circulation section 2014-11-02623_000000000000000_95MEA1989 Central Library, BUET90934  2021-09-27Central Library, BUET2021-09-27General Book2014-11-02
1623.95/MEA/1989 4Circulation section 2014-11-02623_000000000000000_95MEA1989 Central Library, BUET90936  2021-09-27Central Library, BUET2021-09-27General Book2014-11-02
1623.95/MEA/1989 5Circulation section 2014-11-02623_000000000000000_95MEA1989 Central Library, BUET90942  2021-09-27Central Library, BUET2021-09-27General Book2014-11-02
 623.95/MEA/1989 6Circulation section 2014-11-02623_000000000000000_95MEA1989 Central Library, BUET90945   Central Library, BUET2014-11-02General Book2014-11-02
13623.95/MEA/1989 7Circulation section 2014-11-02623_000000000000000_95MEA1989 Central Library, BUET90946  2025-10-28Central Library, BUET2025-11-03General Book2014-11-02
1623.95/MEA/1989 8Circulation section 2014-11-09623_000000000000000_95MEA1989 Central Library, BUET90943  2021-09-27Central Library, BUET2021-09-27General Book2014-11-09
 623.95/MEA/1989 9Reading section 2015-06-27623_950000000000000_MEA_1989 Central Library, BUET90932   Central Library, BUET2015-06-27Rental Item2015-06-27
 623.95/MEA/1989 10Reading section 2015-06-27623_950000000000000_MEA_1989 Central Library, BUET90933   Central Library, BUET2015-06-27Reading Item2015-06-27